[Event "43. Olimpiada Batumi 2018 Femenina"]
[Site "Batumi GEO"]
[Date "2018.10.02"]
[Round "8.1"]
[White "Goossens, Hanne"]
[Black "Atalik, Ekaterina"]
[Result "1/2-1/2"]
[WhiteElo "2220"]
[BlackElo "2447"]
[PlyCount "162"]
[EventDate "2018.09.24"]
[EventType "team-swiss"]
[EventRounds "11"]
[EventCountry "GEO"]
[SourceTitle "Ajedrez en Madrid"]
[Source "lmi"]
[SourceDate "2018.09.24"]
[WhiteTeam "Belgium"]
[BlackTeam "Turkey"]
[WhiteTeamCountry "BEL"]
[BlackTeamCountry "TUR"]

1. e4 c6 2. d4 d5 3. e5 Bf5 4. h4 h6 5. g4 Bh7 6. e6 fxe6 7. Qe2 Qd6 8. f4 Nf6
9. Nc3 Nbd7 10. Bh3 Ne4 11. Nxe4 Bxe4 12. Bg2 Nf6 13. Nf3 Nxg4 14. Ne5 Bxg2 15.
Qxg4 Be4 16. Qh5+ g6 17. Nxg6 Bxg6 18. Qxg6+ Kd7 19. h5 e5 20. Qg4+ e6 21. fxe5
Qb4+ 22. c3 Qb5 23. Rf1 Be7 24. Qe2 Bh4+ 25. Kd1 Raf8 26. Qxb5 cxb5 27. Ke2
Rxf1 28. Kxf1 Rf8+ 29. Kg1 Rf5 30. Bxh6 Rxh5 31. Bf4 Be7 32. Kg2 b4 33. cxb4
Bxb4 34. Kf3 Rh3+ 35. Bg3 Ba5 36. a4 Bb6 37. Rd1 Rh8 38. b3 Rc8 39. Rd3 Rc2 40.
Be1 a6 41. Bd2 Rb2 42. Be1 Ke8 43. Bd2 Kf7 44. Bf4 Kg6 45. Kg4 Rb1 46. Bg3 Rg1
47. Kf4 Kh5 48. Bf2 Rg4+ 49. Kf3 Kg5 50. Be3+ Kf5 51. Rd1 Rh4 52. Rg1 Rh3+ 53.
Ke2 Bd8 54. Rf1+ Kg6 55. Rg1+ Kf7 56. Rf1+ Ke8 57. Rf3 Rh1 58. Rf1 Rh4 59. Rf4
Rh7 60. Rf1 Kd7 61. Kd3 Rh3 62. Rg1 Be7 63. Rg7 Ke8 64. Rg6 Kf7 65. Rg1 b5 66.
axb5 axb5 67. Rf1+ Ke8 68. Ke2 Bh4 69. Rg1 Rh2+ 70. Kd3 Be7 71. Bd2 Rh3+ 72.
Kc2 Rh4 73. Kd3 Rh3+ 74. Kc2 Kf7 75. Rf1+ Kg6 76. Rf2 Rg3 77. Rf1 Rg2 78. Kd3
b4 79. Rf3 Rg1 80. Kc2 Rg2 81. Kd3 Rg1 1/2-1/2

[Event "43. Olimpiada Batumi 2018 Femenina"]
[Site "Batumi GEO"]
[Date "2018.10.02"]
[Round "8.2"]
[White "Ozturk, Kubra"]
[Black "Vanduyfhuys, Daria"]
[Result "1-0"]
[WhiteElo "2345"]
[BlackElo "2058"]
[PlyCount "107"]
[EventDate "2018.09.24"]
[EventType "team-swiss"]
[EventRounds "11"]
[EventCountry "GEO"]
[SourceTitle "Ajedrez en Madrid"]
[Source "lmi"]
[SourceDate "2018.09.24"]
[WhiteTeam "Turkey"]
[BlackTeam "Belgium"]
[WhiteTeamCountry "TUR"]
[BlackTeamCountry "BEL"]

1. d4 Nf6 2. c4 e6 3. g3 d5 4. Nf3 Bb4+ 5. Bd2 Be7 6. Bg2 O-O 7. O-O c6 8. b3
b6 9. Bc3 Bb7 10. Nbd2 Nbd7 11. Qc2 Qc7 12. Bb2 Rac8 13. Rac1 Qb8 14. Qb1 Rfd8
15. Rfd1 Bd6 16. e4 dxe4 17. Nxe4 Nxe4 18. Qxe4 Nf6 19. Qc2 Be7 20. c5 Nd5 21.
a3 Bf6 22. Nd2 Bg5 23. h4 Bxd2 24. Rxd2 Ba6 25. Re1 Rc7 26. Rdd1 Rcd7 27. b4
Qc8 28. Rc1 Rc7 29. Qb3 Qd7 30. Rc2 Rcc8 31. Bc1 h6 32. g4 e5 33. dxe5 Qxg4 34.
Qg3 Qxg3 35. fxg3 Bd3 36. Rd2 Bf5 37. cxb6 axb6 38. b5 Be6 39. bxc6 Rxc6 40.
Bb2 Rc5 41. Red1 Rd7 42. Bf3 Kf8 43. a4 Ke8 44. Bd4 Nc3 45. Bxc5 Nxd1 46. Bc6
bxc5 47. Rxd1 c4 48. a5 Ke7 49. Bxd7 Bxd7 50. a6 Bc6 51. a7 Ke6 52. Rd6+ Kxe5
53. Rxc6 Kd4 54. a8=Q 1-0

[Event "43. Olimpiada Batumi 2018 Femenina"]
[Site "Batumi GEO"]
[Date "2018.10.02"]
[Round "8.3"]
[White "Barbier, Wiebke"]
[Black "Yildiz Kadioglu, Betul Cemre"]
[Result "0-1"]
[WhiteElo "1998"]
[BlackElo "2287"]
[PlyCount "100"]
[EventDate "2018.09.24"]
[EventType "team-swiss"]
[EventRounds "11"]
[EventCountry "GEO"]
[SourceTitle "Ajedrez en Madrid"]
[Source "lmi"]
[SourceDate "2018.09.24"]
[WhiteTeam "Belgium"]
[BlackTeam "Turkey"]
[WhiteTeamCountry "BEL"]
[BlackTeamCountry "TUR"]

1. e4 c5 2. Be2 Nc6 3. d3 d5 4. f4 dxe4 5. dxe4 Qxd1+ 6. Bxd1 Nf6 7. Bf3 Nd4 8.
Na3 Nxf3+ 9. gxf3 Bd7 10. Be3 b6 11. Ne2 g6 12. Ng3 Bh6 13. Nc4 Bb5 14. Ne5 Nd7
15. Nxd7 Bxd7 16. Kf2 Bg7 17. c3 O-O-O 18. a4 a5 19. Rhd1 Be6 20. Rxd8+ Rxd8
21. Nf1 Bc4 22. Nd2 Bd3 23. h4 h5 24. Rc1 Kb7 25. Nb1 Bf6 26. Kg3 Ba6 27. Re1
e6 28. Nd2 Bd3 29. Rc1 Bg7 30. Nb1 Bh6 31. Kf2 Ba6 32. Re1 Rd3 33. Bc1 Kc7 34.
Be3 Bb7 35. Re2 Bc6 36. b3 Bg7 37. e5 f6 38. Nd2 fxe5 39. c4 Bh6 40. Kg3 Rxe3
41. Rxe3 exf4+ 42. Kg2 fxe3 43. Nb1 e2 44. Kf2 Bxf3 45. Nc3 Bd2 46. Nxe2 Bxe2
47. Kxe2 Bc1 48. Kf3 Kd6 49. Ke4 g5 50. hxg5 Bxg5 0-1

[Event "43. Olimpiada Batumi 2018 Femenina"]
[Site "Batumi GEO"]
[Date "2018.10.02"]
[Round "8.4"]
[White "Okuyaz, Duru"]
[Black "Barbier, Astrid"]
[Result "1-0"]
[WhiteElo "2108"]
[BlackElo "1894"]
[PlyCount "65"]
[EventDate "2018.09.24"]
[EventType "team-swiss"]
[EventRounds "11"]
[EventCountry "GEO"]
[SourceTitle "Ajedrez en Madrid"]
[Source "lmi"]
[SourceDate "2018.09.24"]
[WhiteTeam "Turkey"]
[BlackTeam "Belgium"]
[WhiteTeamCountry "TUR"]
[BlackTeamCountry "BEL"]

1. e4 c5 2. Nf3 g6 3. d4 cxd4 4. Nxd4 Bg7 5. c4 Nc6 6. Be3 Nf6 7. Nc3 O-O 8.
Be2 d6 9. O-O Bd7 10. Qd2 Nxd4 11. Bxd4 Bc6 12. f3 a5 13. Nd5 Bxd5 14. cxd5 Nd7
15. Be3 Nc5 16. Rac1 Rc8 17. b3 b6 18. Bb5 Rc7 19. Rc4 Qb8 20. Rfc1 Rcc8 21.
Qc2 Rcd8 22. a3 e6 23. Rd1 Nd7 24. dxe6 fxe6 25. Rc6 Be5 26. f4 Bg7 27. Rcxd6
Nc5 28. e5 Rxd6 29. exd6 Rd8 30. d7 Qa7 31. b4 axb4 32. axb4 Nb7 33. Qe4 1-0

[Event "43. Olimpiada Batumi 2018 Femenina"]
[Site "Batumi GEO"]
[Date "2018.10.02"]
[Round "8.1"]
[White "Milovic, Aleksandra"]
[Black "Castrillon Gomez, Melissa"]
[Result "1-0"]
[WhiteElo "2176"]
[BlackElo "2248"]
[PlyCount "93"]
[EventDate "2018.09.24"]
[EventType "team-swiss"]
[EventRounds "11"]
[EventCountry "GEO"]
[SourceTitle "Ajedrez en Madrid"]
[Source "lmi"]
[SourceDate "2018.09.24"]
[WhiteTeam "Montenegro"]
[BlackTeam "Colombia"]
[WhiteTeamCountry "MNE"]
[BlackTeamCountry "COL"]

1. b3 e5 2. Bb2 d6 3. e3 g6 4. f4 Bg7 5. Nf3 Bg4 6. Be2 f5 7. Ng5 Bxe2 8. Qxe2
Qd7 9. fxe5 dxe5 10. Qc4 Bf6 11. Ne6 Na6 12. Na3 c6 13. Nc5 Nxc5 14. Qxc5 b6
15. Qc4 b5 16. Qc5 e4 17. Bxf6 Nxf6 18. c4 Rd8 19. O-O a6 20. Nc2 Qd6 21. Qb6
Ng4 22. Rf4 g5 23. c5 Qh6 24. Rxg4 fxg4 25. Rf1 Rf8 26. Rxf8+ Qxf8 27. Qxc6+
Kf7 28. Nd4 Qe7 29. Qh6 Rh8 30. Qxa6 Rf8 31. Qxb5 Kg6 32. b4 Qf7 33. Qa6+ Kh5
34. Qe2 Qxa2 35. h3 Kg6 36. Qxg4 Qb1+ 37. Kh2 Rf6 38. b5 h5 39. Qd7 h4 40. Qe8+
Kg7 41. Ne6+ Rxe6 42. Qxe6 Qxb5 43. Qxe4 Qb8+ 44. Kg1 Qg3 45. Kf1 Kh6 46. Qe6+
Kh7 47. Qd6 1-0

[Event "43. Olimpiada Batumi 2018 Femenina"]
[Site "Batumi GEO"]
[Date "2018.10.02"]
[Round "8.2"]
[White "Franco Valencia, Beatriz Irene"]
[Black "Stojanovic, Marija R"]
[Result "1-0"]
[WhiteElo "2191"]
[BlackElo "2113"]
[PlyCount "47"]
[EventDate "2018.09.24"]
[EventType "team-swiss"]
[EventRounds "11"]
[EventCountry "GEO"]
[SourceTitle "Ajedrez en Madrid"]
[Source "lmi"]
[SourceDate "2018.09.24"]
[WhiteTeam "Colombia"]
[BlackTeam "Montenegro"]
[WhiteTeamCountry "COL"]
[BlackTeamCountry "MNE"]

1. d4 Nf6 2. Nf3 g6 3. c4 Bg7 4. Nc3 O-O 5. g3 d6 6. Bg2 c5 7. d5 e6 8. O-O
exd5 9. Nxd5 Nxd5 10. Qxd5 Nc6 11. Bf4 Be6 12. Qxd6 Bxc4 13. Qxc5 Bxe2 14. Rfe1
Re8 15. Ng5 h6 16. Nxf7 Kxf7 17. Bd5+ Kf6 18. Qc3+ Kf5 19. Qc2+ Kf6 20. Bxc6
bxc6 21. Rxe2 Rxe2 22. Qxe2 Kf7 23. Rd1 Qf6 24. Qc4+ 1-0

[Event "43. Olimpiada Batumi 2018 Femenina"]
[Site "Batumi GEO"]
[Date "2018.10.02"]
[Round "8.3"]
[White "Koljevic, Nikolina"]
[Black "Rodriguez Rueda, Paula Andrea"]
[Result "1/2-1/2"]
[WhiteElo "1898"]
[BlackElo "2298"]
[PlyCount "103"]
[EventDate "2018.09.24"]
[EventType "team-swiss"]
[EventRounds "11"]
[EventCountry "GEO"]
[SourceTitle "Ajedrez en Madrid"]
[Source "lmi"]
[SourceDate "2018.09.24"]
[WhiteTeam "Montenegro"]
[BlackTeam "Colombia"]
[WhiteTeamCountry "MNE"]
[BlackTeamCountry "COL"]

1. e4 c5 2. Nf3 e6 3. d4 cxd4 4. Nxd4 a6 5. Nc3 Qc7 6. Qf3 Nc6 7. Be3 Nf6 8.
O-O-O Bb4 9. Nxc6 bxc6 10. Bd4 Be7 11. Qg3 Qxg3 12. hxg3 d5 13. exd5 cxd5 14.
f3 O-O 15. Bd3 h6 16. g4 Nd7 17. f4 Bc5 18. Bxc5 Nxc5 19. g5 Nxd3+ 20. Rxd3
hxg5 21. fxg5 f5 22. Ne2 Kf7 23. Nf4 Bd7 24. Rh7 Rg8 25. g6+ Ke7 26. Nh5 Kd6
27. Rg3 Raf8 28. Rxg7 Rxg7 29. Nxg7 Rh8 30. Nh5 Ke7 31. Nf4 Kf6 32. Kd2 d4 33.
Rb3 Rh4 34. g3 Rh2+ 35. Ke1 Bb5 36. a4 Bc4 37. Rb4 Rxc2 38. b3 Bd5 39. Nxd5+
exd5 40. Rb6+ Kg7 41. Rxa6 Rc3 42. b4 Rxg3 43. b5 Rb3 44. b6 f4 45. a5 Rb1+ 46.
Ke2 Rb2+ 47. Kf3 d3 48. Ra7+ Kxg6 49. Rd7 Rb5 50. b7 d2 51. Ke2 Rb2 52. Rxd5
1/2-1/2

[Event "43. Olimpiada Batumi 2018 Femenina"]
[Site "Batumi GEO"]
[Date "2018.10.02"]
[Round "8.4"]
[White "Franco Valencia, Angela"]
[Black "Radosevic, Nevena"]
[Result "1-0"]
[WhiteElo "2188"]
[BlackElo "1600"]
[PlyCount "87"]
[EventDate "2018.09.24"]
[EventType "team-swiss"]
[EventRounds "11"]
[EventCountry "GEO"]
[SourceTitle "Ajedrez en Madrid"]
[Source "lmi"]
[SourceDate "2018.09.24"]
[WhiteTeam "Colombia"]
[BlackTeam "Montenegro"]
[WhiteTeamCountry "COL"]
[BlackTeamCountry "MNE"]

1. e4 c5 2. Nf3 e6 3. d4 cxd4 4. Nxd4 Nc6 5. Nc3 a6 6. g3 Qc7 7. Bg2 d6 8. O-O
Bd7 9. Re1 Be7 10. Nb3 b5 11. a4 b4 12. Ne2 Nf6 13. a5 O-O 14. Be3 e5 15. f4
Be6 16. Bb6 Qb7 17. Qd3 Nd7 18. Bf2 Qc7 19. Nec1 Rfd8 20. f5 Bxb3 21. Nxb3 Nc5
22. Qc4 Nxb3 23. cxb3 Qb7 24. Qd5 Rd7 25. f6 Bxf6 26. Bh3 Ne7 27. Qd3 Rc7 28.
Qxd6 Rc6 29. Qd2 Ng6 30. Bb6 h6 31. Red1 Bg5 32. Qe2 Rxb6 33. axb6 Qxb6+ 34.
Kh1 a5 35. Rd5 Rd8 36. Rad1 Rxd5 37. exd5 Qd6 38. Qb5 Bd8 39. Qe8+ Qf8 40.
Qxf8+ Kxf8 41. d6 Ke8 42. Bf1 f6 43. Bb5+ Kf7 44. Rc1 1-0

[Event "43. Olimpiada Batumi 2018 Femenina"]
[Site "Batumi GEO"]
[Date "2018.10.02"]
[Round "8.1"]
[White "Baptista, Ana Filipa"]
[Black "Badelka, Olga"]
[Result "0-1"]
[WhiteElo "2008"]
[BlackElo "2404"]
[PlyCount "88"]
[EventDate "2018.09.24"]
[EventType "team-swiss"]
[EventRounds "11"]
[EventCountry "GEO"]
[SourceTitle "Ajedrez en Madrid"]
[Source "lmi"]
[SourceDate "2018.09.24"]
[WhiteTeam "Portugal"]
[BlackTeam "Belarus"]
[WhiteTeamCountry "POR"]
[BlackTeamCountry "BLR"]

1. e4 c5 2. Nf3 Nc6 3. d4 cxd4 4. Nxd4 Qb6 5. Nb3 Nf6 6. Nc3 e6 7. a3 Be7 8.
Be2 a6 9. Be3 Qc7 10. O-O b5 11. f4 d6 12. Bf3 Bb7 13. Qe1 Rc8 14. Rd1 O-O 15.
Nd4 Nxd4 16. Bxd4 e5 17. Be3 exf4 18. Bxf4 Nd7 19. Bg4 Rcd8 20. Bxd7 Rxd7 21.
Qg3 Rfd8 22. Kh1 Bf6 23. Rd3 Qc4 24. Bd2 Be5 25. Qh4 Bxc3 26. Bxc3 Bxe4 27. Rf4
Bxd3 28. Qg3 Bg6 29. Rxc4 bxc4 30. h4 h5 31. Bd4 Re8 32. Qc3 Rde7 33. Bxg7 Re3
34. Qd4 R8e4 35. Qf6 Re6 36. Qd4 R3e4 37. Qc3 Rxh4+ 38. Kg1 Rg4 39. Bd4 Re2 40.
Qxc4 Rxc2 41. Qb4 Rgxg2+ 42. Kh1 Rh2+ 43. Kg1 Rcg2+ 44. Kf1 Bd3+ 0-1

[Event "43. Olimpiada Batumi 2018 Femenina"]
[Site "Batumi GEO"]
[Date "2018.10.02"]
[Round "8.2"]
[White "Stetsko, Lanita"]
[Black "Coimbra, Margarida"]
[Result "1-0"]
[WhiteElo "2188"]
[BlackElo "2068"]
[PlyCount "67"]
[EventDate "2018.09.24"]
[EventType "team-swiss"]
[EventRounds "11"]
[EventCountry "GEO"]
[SourceTitle "Ajedrez en Madrid"]
[Source "lmi"]
[SourceDate "2018.09.24"]
[WhiteTeam "Belarus"]
[BlackTeam "Portugal"]
[WhiteTeamCountry "BLR"]
[BlackTeamCountry "POR"]

1. e4 e5 2. Nf3 Nc6 3. Bb5 a6 4. Ba4 Nf6 5. O-O b5 6. Bb3 Bc5 7. Nc3 d6 8. Nd5
h6 9. c3 O-O 10. d4 Ba7 11. Nxf6+ Qxf6 12. Bd5 Bb7 13. Be3 Qe7 14. dxe5 Bxe3
15. exd6 Bxf2+ 16. Rxf2 cxd6 17. a4 Rad8 18. axb5 axb5 19. Qf1 b4 20. Qb5 Qc7
21. cxb4 Ba8 22. Qc4 Qd7 23. Rxa8 Rxa8 24. Bxc6 Ra1+ 25. Rf1 Qa7+ 26. Qd4 Rxf1+
27. Kxf1 Qa1+ 28. Kf2 Rc8 29. b5 Qc1 30. Qc3 Qf4 31. b6 Rb8 32. b7 Qg4 33. Qa5
Qf4 34. Qc7 1-0

[Event "43. Olimpiada Batumi 2018 Femenina"]
[Site "Batumi GEO"]
[Date "2018.10.02"]
[Round "8.3"]
[White "Jorge, Rita Maria Osorio"]
[Black "Ilyuchyk, Yana"]
[Result "0-1"]
[WhiteElo "1870"]
[BlackElo "2114"]
[PlyCount "106"]
[EventDate "2018.09.24"]
[EventType "team-swiss"]
[EventRounds "11"]
[EventCountry "GEO"]
[SourceTitle "Ajedrez en Madrid"]
[Source "lmi"]
[SourceDate "2018.09.24"]
[WhiteTeam "Portugal"]
[BlackTeam "Belarus"]
[WhiteTeamCountry "POR"]
[BlackTeamCountry "BLR"]

1. e4 c5 2. Nf3 Nc6 3. Bb5 g6 4. Bxc6 dxc6 5. d3 Bg7 6. h3 Nf6 7. Nc3 Nd7 8.
Be3 e5 9. Qd2 h6 10. O-O b6 11. Nh2 Nf8 12. f4 exf4 13. Bxf4 Ne6 14. Be3 Nd4
15. Qf2 Be6 16. Nf3 Qd7 17. a3 O-O-O 18. Rab1 Rhf8 19. Bxd4 Bxd4 20. Nxd4 cxd4
21. Ne2 f5 22. exf5 Bxf5 23. Ng3 Kb7 24. Nxf5 Rxf5 25. Qh4 Rh5 26. Qf6 Ka6 27.
Rbe1 Rg5 28. Re7 Qd5 29. Rf2 Rd7 30. Re6 c5 31. Re7 Rxe7 32. Qxe7 Re5 33. Qc7
Re1+ 34. Kh2 g5 35. Rf7 Qe5+ 36. Qxe5 Rxe5 37. Rf2 Re6 38. g4 b5 39. Kg2 c4 40.
Rd2 c3 41. bxc3 dxc3 42. Rf2 Ka5 43. Kf1 Ka4 44. Rf5 a5 45. Rc5 b4 46. axb4
axb4 47. Rc8 Ka3 48. Rb8 Kb2 49. Rxb4+ Kxc2 50. d4 Kd2 51. d5 Rf6+ 52. Kg2 c2
53. Rd4+ Kc3 0-1

[Event "43. Olimpiada Batumi 2018 Femenina"]
[Site "Batumi GEO"]
[Date "2018.10.02"]
[Round "8.4"]
[White "Kaliadzich, Maryia"]
[Black "Silva, Ana Ines Teixeira D"]
[Result "1-0"]
[WhiteElo "2040"]
[BlackElo "1890"]
[PlyCount "69"]
[EventDate "2018.09.24"]
[EventType "team-swiss"]
[EventRounds "11"]
[EventCountry "GEO"]
[SourceTitle "Ajedrez en Madrid"]
[Source "lmi"]
[SourceDate "2018.09.24"]
[WhiteTeam "Belarus"]
[BlackTeam "Portugal"]
[WhiteTeamCountry "BLR"]
[BlackTeamCountry "POR"]

1. d4 Nf6 2. Nf3 d5 3. e3 c5 4. c4 cxd4 5. exd4 g6 6. Nc3 Nc6 7. cxd5 Nxd5 8.
Bc4 Nxc3 9. bxc3 Bg7 10. O-O Qc7 11. Bd3 O-O 12. Re1 b6 13. Bg5 Bb7 14. Rc1
Rac8 15. Qd2 Rfe8 16. Bh6 Bf6 17. Ng5 Na5 18. Qe3 e5 19. f4 Qc6 20. Ne4 Bh4 21.
fxe5 Bxe1 22. Qxe1 f5 23. Nf6+ Kf7 24. Qf2 Rcd8 25. Rc2 Re6 26. Nxh7 Kg8 27.
Ng5 Rxe5 28. dxe5 Rxd3 29. h3 Nc4 30. Nf3 Rd1+ 31. Kh2 Qc7 32. Qg3 Kh7 33. Bf4
Rd3 34. Ng5+ Kg8 35. Qxd3 1-0

[Event "43. Olimpiada Batumi 2018 Femenina"]
[Site "Batumi GEO"]
[Date "2018.10.02"]
[Round "8.2"]
[White "Osmanodja, Filiz"]
[Black "Aghabekian, Liana"]
[Result "1-0"]
[WhiteElo "2348"]
[BlackElo "2188"]
[PlyCount "39"]
[EventDate "2018.09.24"]
[EventType "team-swiss"]
[EventRounds "11"]
[EventCountry "GEO"]
[SourceTitle "Ajedrez en Madrid"]
[Source "lmi"]
[SourceDate "2018.09.24"]
[WhiteTeam "Germany"]
[BlackTeam "Luxembourg"]
[WhiteTeamCountry "GER"]
[BlackTeamCountry "LUX"]

1. e4 e5 2. Nf3 Nc6 3. Bb5 Nf6 4. O-O Nxe4 5. Re1 Nd6 6. a4 Be7 7. Nc3 O-O 8.
d4 Nxd4 9. Nxd4 exd4 10. Nd5 Bf6 11. Bd3 c6 12. Qh5 g6 13. Nxf6+ Qxf6 14. Qh6
Re8 15. Bf4 Re7 16. Kf1 b6 17. Rxe7 Qxe7 18. Re1 Qd8 19. Bxd6 Bb7 20. Re4 1-0

[Event "43. Olimpiada Batumi 2018 Femenina"]
[Site "Batumi GEO"]
[Date "2018.10.02"]
[Round "8.3"]
[White "Bakalarz, Grazyna"]
[Black "Hoolt, Sarah"]
[Result "0-1"]
[WhiteElo "1849"]
[BlackElo "2355"]
[PlyCount "72"]
[EventDate "2018.09.24"]
[EventType "team-swiss"]
[EventRounds "11"]
[EventCountry "GEO"]
[SourceTitle "Ajedrez en Madrid"]
[Source "lmi"]
[SourceDate "2018.09.24"]
[WhiteTeam "Luxembourg"]
[BlackTeam "Germany"]
[WhiteTeamCountry "LUX"]
[BlackTeamCountry "GER"]

1. d4 Nf6 2. c4 d6 3. Nc3 Nbd7 4. Nf3 e5 5. e4 Be7 6. Be2 O-O 7. O-O c6 8. Re1
a6 9. d5 Nc5 10. Qc2 a5 11. Be3 Qc7 12. Bxc5 dxc5 13. dxc6 bxc6 14. Rad1 Nh5
15. g3 g6 16. Nd2 Ng7 17. Bf1 Ne6 18. Na4 Nd4 19. Qc3 Rb8 20. b3 Bg4 21. f3 Be6
22. Bd3 Rbd8 23. Kg2 Rd7 24. Nf1 h5 25. h3 Bd6 26. Nh2 f5 27. Rf1 Rh7 28. Rde1
f4 29. g4 Qd8 30. Rh1 Qh4 31. Reg1 Qg3+ 32. Kf1 Qxh3+ 33. Kf2 hxg4 34. fxg4
Qe3+ 35. Kf1 Nf3 36. Kg2 Nxg1 0-1

[Event "43. Olimpiada Batumi 2018 Femenina"]
[Site "Batumi GEO"]
[Date "2018.10.02"]
[Round "8.4"]
[White "Fuchs, Judith"]
[Black "Blond Hanten, Elsa"]
[Result "1-0"]
[WhiteElo "2274"]
[BlackElo "1635"]
[PlyCount "109"]
[EventDate "2018.09.24"]
[EventType "team-swiss"]
[EventRounds "11"]
[EventCountry "GEO"]
[SourceTitle "Ajedrez en Madrid"]
[Source "lmi"]
[SourceDate "2018.09.24"]
[WhiteTeam "Germany"]
[BlackTeam "Luxembourg"]
[WhiteTeamCountry "GER"]
[BlackTeamCountry "LUX"]

1. d4 Nf6 2. c4 g6 3. Nf3 Bg7 4. e3 O-O 5. Be2 d5 6. cxd5 Nxd5 7. e4 Nb6 8. O-O
Nc6 9. Be3 e5 10. d5 Ne7 11. a4 a5 12. Qb3 Kh8 13. Rd1 Nd7 14. Nc3 h6 15. Nb5
f5 16. d6 cxd6 17. Rxd6 Ra6 18. Rxa6 bxa6 19. Nd6 f4 20. Nxc8 fxe3 21. Nxe7
exf2+ 22. Kf1 Qxe7 23. Rc1 Rb8 24. Qd5 Nf6 25. Qxa5 Rxb2 26. Nxe5 Kh7 27. Bd3
Nxe4 28. Rc7 Nd2+ 29. Qxd2 Qxe5 30. Rc2 Rxc2 31. Bxc2 Qd4 32. Qxf2 Qxf2+ 33.
Kxf2 Bd4+ 34. Kf3 Kg7 35. Ke4 Bg1 36. Kd5 Kf6 37. Kc6 Be3 38. a5 g5 39. h3 Ke5
40. Bd3 Kf4 41. Kb7 Kg3 42. Be4 Kf4 43. Bc6 Ke5 44. Kxa6 Kd6 45. Kb7 h5 46. Bf3
h4 47. a6 Ke5 48. a7 Bxa7 49. Kxa7 Kf4 50. Kb6 Kf5 51. Kc5 Ke5 52. Kc4 Kf4 53.
Kd4 Kf5 54. Kd5 Kf6 55. Bg4 1-0

[Event "43. Olimpiada Batumi 2018 Femenina"]
[Site "Batumi GEO"]
[Date "2018.10.02"]
[Round "8.1"]
[White "Geldiyeva, Mahri"]
[Black "Gamboa Alvarado, Olga Leticia"]
[Result "1-0"]
[WhiteElo "2139"]
[BlackElo "1869"]
[PlyCount "93"]
[EventDate "2018.09.24"]
[EventType "team-swiss"]
[EventRounds "11"]
[EventCountry "GEO"]
[SourceTitle "Ajedrez en Madrid"]
[Source "lmi"]
[SourceDate "2018.09.24"]
[WhiteTeam "Turkmenistan"]
[BlackTeam "Costa Rica"]
[WhiteTeamCountry "TKM"]
[BlackTeamCountry "CRI"]

1. d4 Nf6 2. c4 e6 3. Nf3 b6 4. g3 Ba6 5. b3 d5 6. cxd5 exd5 7. Bg2 Bb4+ 8. Bd2
Bd6 9. O-O O-O 10. Nc3 Re8 11. Re1 Bb7 12. Nb5 Bf8 13. Bg5 Na6 14. Ne5 c6 15.
Nc3 Be7 16. a3 Ne4 17. Nxe4 dxe4 18. Bxe7 Qxe7 19. e3 c5 20. Qg4 f6 21. Nc4
Rad8 22. Red1 Rd5 23. Qe2 Red8 24. dxc5 Nxc5 25. Rxd5 Rxd5 26. b4 Nd3 27. Qa2
Kh8 28. Nb2 Nxb2 29. Qxb2 Qd8 30. Qb3 f5 31. Bf1 Rd2 32. Rc1 Bd5 33. Qc3 Be6
34. Qe5 Rd6 35. h4 h6 36. a4 Kh7 37. a5 bxa5 38. bxa5 Qd7 39. a6 Rc6 40. Rb1
Qd5 41. Qb8 Rc2 42. Rb7 Qd2 43. Qf4 Rc1 44. Qe5 Rxf1+ 45. Kxf1 Qd1+ 46. Kg2
Qf3+ 47. Kg1 1-0

[Event "43. Olimpiada Batumi 2018 Femenina"]
[Site "Batumi GEO"]
[Date "2018.10.02"]
[Round "8.2"]
[White "Castillo Morales, Thais"]
[Black "Hallaeva, Bahar"]
[Result "0-1"]
[WhiteElo "1925"]
[BlackElo "2098"]
[PlyCount "206"]
[EventDate "2018.09.24"]
[EventType "team-swiss"]
[EventRounds "11"]
[EventCountry "GEO"]
[SourceTitle "Ajedrez en Madrid"]
[Source "lmi"]
[SourceDate "2018.09.24"]
[WhiteTeam "Costa Rica"]
[BlackTeam "Turkmenistan"]
[WhiteTeamCountry "CRI"]
[BlackTeamCountry "TKM"]

1. c4 e5 2. g3 Nf6 3. Bg2 d5 4. cxd5 Nxd5 5. Nc3 Nb6 6. Nf3 Nc6 7. O-O Be7 8.
d3 O-O 9. a3 Be6 10. Be3 Nd5 11. Nxd5 Bxd5 12. Rc1 f6 13. b4 Qd7 14. Nd2 a5 15.
Bxd5+ Qxd5 16. Bc5 Rfe8 17. Bxe7 Rxe7 18. Rc5 Qa2 19. Qb3+ Qxb3 20. Nxb3 axb4
21. axb4 Ra2 22. b5 Nd8 23. e3 Rb2 24. Rc3 Ne6 25. Rfc1 b6 26. R1c2 Rb1+ 27.
Rc1 Rb2 28. R1c2 Rxc2 29. Rxc2 Rd7 30. Nc1 Rd5 31. Rb2 Rc5 32. Na2 Nd8 33. Kf1
Nb7 34. Rb3 Rc2 35. Nb4 Rc1+ 36. Ke2 Nc5 37. Rb2 Na4 38. Kd2 Rf1 39. Ke2 Rc1
40. Kd2 Rc5 41. Ra2 Nc3 42. Rc2 Nb1+ 43. Kc1 Rxb5 44. Na6 c5 45. Nc7 Rb3 46.
Rb2 Rxb2 47. Kxb2 Nd2 48. Kc2 Nf3 49. Nd5 Nxh2 50. Kd2 b5 51. Nc3 c4 52. Nxb5
cxd3 53. Kxd3 h5 54. Ke2 Ng4 55. f3 Nh6 56. Nd6 g6 57. f4 Nf7 58. Ne8 f5 59.
fxe5 Nxe5 60. Nd6 Nf7 61. Nb5 Ng5 62. Nd4 Kg7 63. Kf2 Kf6 64. Ne2 Ne4+ 65. Kf3
Nd2+ 66. Kg2 Kg5 67. Nf4 Nc4 68. Kf3 Ne5+ 69. Kf2 Nc4 70. Kf3 Nd6 71. Ne6+ Kf6
72. Nf4 Ne4 73. Nd5+ Ke6 74. Nf4+ Kf7 75. Kg2 Ng5 76. Kf2 Ne6 77. Nd5 g5 78.
Kf3 Nc5 79. Nc3 Ke6 80. Ne2 Ke5 81. Nd4 g4+ 82. Kf2 Ne4+ 83. Kg2 Nc3 84. Kf2
Nd5 85. Nc2 Ke4 86. Ke2 Nc3+ 87. Kf2 Kd3 88. Nb4+ Kd2 89. Nc6 Nd1+ 90. Kg1 Kxe3
91. Ne7 Ke4 92. Ng6 Kf3 93. Nh4+ Kxg3 94. Nxf5+ Kh3 95. Nd4 Ne3 96. Ne2 g3 97.
Nc1 Nd5 98. Nd3 h4 99. Ne5 Nf4 100. Nf3 Kg4 101. Ne5+ Kf5 102. Nf3 h3 103. Ne1
Ke4 0-1

[Event "43. Olimpiada Batumi 2018 Femenina"]
[Site "Batumi GEO"]
[Date "2018.10.02"]
[Round "8.3"]
[White "Ovezdurdiyeva, Jemal"]
[Black "Salazar Gould, Melanie"]
[Result "1-0"]
[WhiteElo "2075"]
[BlackElo "1926"]
[PlyCount "51"]
[EventDate "2018.09.24"]
[EventType "team-swiss"]
[EventRounds "11"]
[EventCountry "GEO"]
[SourceTitle "Ajedrez en Madrid"]
[Source "lmi"]
[SourceDate "2018.09.24"]
[WhiteTeam "Turkmenistan"]
[BlackTeam "Costa Rica"]
[WhiteTeamCountry "TKM"]
[BlackTeamCountry "CRI"]

1. d4 e6 2. c4 f5 3. Nc3 Nf6 4. Nf3 d5 5. Bf4 Bd6 6. e3 c6 7. Bd3 O-O 8. Qc2
Bxf4 9. exf4 Nbd7 10. cxd5 exd5 11. Bxf5 Qe7+ 12. Kf1 g6 13. Re1 Qg7 14. Be6+
Kh8 15. g3 Nb6 16. Ng5 Qh6 17. Kg2 Nh5 18. Bxc8 Raxc8 19. Re7 Ng7 20. Nf7+ Rxf7
21. Rxf7 Re8 22. Re1 Ne6 23. Qc1 Qh5 24. Rf6 Nxd4 25. Rxe8+ Kg7 26. Qe3 1-0